Catálogo

State violence and genocide in Latin America : (Registro nro. 68062)

Detalles MARC
000 -LEADER
fixed length control field 01458cam a2200373 i 4500
001 - CONTROL NUMBER
control field 68062
003 - CONTROL NUMBER IDENTIFIER
control field Mx-PuUPA
005 - DATE AND TIME OF LATEST TRANSACTION
control field 20251014124144.0
008 - FIXED-LENGTH DATA ELEMENTS--GENERAL INFORMATION
fixed length control field 190423s2010 enk||||fr|||| 00| 0 eng d
020 ## - INTERNATIONAL STANDARD BOOK NUMBER
International Standard Book Number 9780415664578
040 ## - CATALOGING SOURCE
Original cataloging agency Mx-PuUPA
Language of cataloging spa
Transcribing agency Mx-PuUPA
Modifying agency Mx-PuUPA
Description conventions rda
041 0# - LANGUAGE CODE
Language code of text/sound track or separate title eng
043 ## - GEOGRAPHIC AREA CODE
Geographic area code cl-----
245 00 - TITLE STATEMENT
Title State violence and genocide in Latin America :
Remainder of title the cold war years /
Statement of responsibility, etc. edited by Marcia Esparza, Henry R. Huttenbach, Daniel Feierstein
264 #1 - PRODUCTION, PUBLICATION, DISTRIBUTION, MANUFACTURE, AND COPYRIGHT NOTICE
Place of production, publication, distribution, manufacture Abingdon, Oxon :
Name of producer, publisher, distributor, manufacturer Routledge,
Date of production, publication, distribution, manufacture, or copyright notice 2010
300 ## - PHYSICAL DESCRIPTION
Extent xiii, 251 páginas ;
Dimensions 24 cm
336 ## - CONTENT TYPE
Fuente rdacontent
Content type term texto
Content type code txt
337 ## - MEDIA TYPE
Source rdamedia
Media type term sin medio
Media type code n
338 ## - CARRIER TYPE
Source rdacarrier
Carrier type term volumen
Carrier type code nc
490 0# - SERIES STATEMENT
Series statement Critical Terrorism Studies
650 #7 - SUBJECT ADDED ENTRY--TOPICAL TERM
Source of heading or term armarc
Topical term or geographic name entry element Terrorismo
Geographic subdivision América Latina
General subdivision Estado
-- Historia
Chronological subdivision Siglo XX
650 #7 - SUBJECT ADDED ENTRY--TOPICAL TERM
Source of heading or term armarc
Topical term or geographic name entry element Violencia política
Geographic subdivision América Latina
General subdivision Historia
Chronological subdivision Siglo XX
650 #7 - SUBJECT ADDED ENTRY--TOPICAL TERM
Source of heading or term armarc
Topical term or geographic name entry element Genocidio
Geographic subdivision América Latina
General subdivision Historia
Chronological subdivision Siglo XX
651 #4 - SUBJECT ADDED ENTRY--GEOGRAPHIC NAME
Geographic name América Latina
General subdivision Política y gobierno
Chronological subdivision 1948-1980
700 1# - ADDED ENTRY--PERSONAL NAME
Personal name Esparza, Marcia,
Relator term editor
700 1# - ADDED ENTRY--PERSONAL NAME
Personal name Huttenbach, Henry R.,
Relator term editor
700 1# - ADDED ENTRY--PERSONAL NAME
Personal name Feierstein, Daniel,
Relator term editor
942 ## - ADDED ENTRY ELEMENTS (KOHA)
Source of classification or shelving scheme Dewey Decimal Classification
Koha item type Libro
Classification part 303.609809045
Item part S775
Existencias
Withdrawn status Lost status Source of classification or shelving scheme Damaged status Not for loan Collection code Home library Current library Shelving location Date acquired Source of acquisition Cost, normal purchase price Total Checkouts Full call number Barcode Date last seen Date last checked out Cost, replacement price Price effective from Koha item type Copy number
    Dewey Decimal Classification     General Biblioteca Karol Wojtyla Biblioteca Karol Wojtyla Sala general 06/08/2024 2 99694.00 2 303.609809045 S77 2010 99694 05/01/2026 05/12/2019 99694.00 06/08/2024 Libro  
    Dewey Decimal Classification     General Biblioteca Karol Wojtyla Biblioteca Karol Wojtyla Sala general 06/08/2024 2 961.90   303.609809045 S77 2010 99763 05/01/2026   961.90 06/08/2024 Libro Ej.2